000 00488nam a2200145Ia 4500
008 230917s9999||||xx |||||||||||||| ||und||
040 _e181853
_aMAIN
041 _aEnglish
082 _a891.4317409 VK135H
100 _aवचनदेव कुमार
245 0 _aहिन्दी कविताः 1960 के बाद
260 _aराँची
_bहिन्दी विभाग विश्वविद्यालय
_c1960
300 _a54 पृ. p.
942 _cHN
999 _c188156
_d188156